Tate McRae - Chansons commençant par W - Statistiques

Statistiques générales
  • Ce quiz a été pris 15 fois
  • Le résultat moyen est 4 sur 6
Statistiques - réponses
Hint Réponse % Correct
W What Would You Do?
92%
W We're Not Alike
85%
W What's Your Problem?
85%
W Want That Too
77%
W working
62%
W Wish I Loved You in the 90s
46%
Aucun quiz correspondant
Distribution des résultats
% des personnes avec chaque résultat
Percentile par nombre de réponses
Votre historique - résultats
Vous n’avez pas pris ce quiz